|
|
|
|
| LEADER |
01309nam a2200325 a 4500 |
| 001 |
41314 |
| 003 |
BD-DhAAL |
| 005 |
20230601124406.0 |
| 008 |
230601t1987 nyua b 001 0 eng |
| 010 |
|
|
|a 86023880
|
| 020 |
|
|
|a 0195205448 :
|c $27.00
|
| 040 |
|
|
|a DLC
|c DLC
|d DLC
|d BD-DhAAL
|
| 043 |
|
|
|a d------
|
| 050 |
0 |
0 |
|a HD4420.8
|b .R68 1987
|
| 082 |
0 |
0 |
|a 338.91091724
|2 19
|
| 100 |
1 |
|
|a Roth, Gabriel Joseph,
|d 1926-
|9 54433
|
| 245 |
1 |
4 |
|a The private provision of public services in developing countries /
|c Gabriel Roth.
|
| 260 |
|
|
|a New York :
|b Oxford University Press,
|c c1987.
|
| 300 |
|
|
|a xv, 278 pages :
|b illustrations ;
|c 24 cm.
|
| 490 |
|
|
|a EDI series in economic development
|
| 500 |
|
|
|a "Published for the World Bank."
|
| 504 |
|
|
|a Includes bibliographies and index.
|
| 541 |
|
|
|a Donated by Akbar Ali Khan
|e 41314
|
| 650 |
|
0 |
|a Privatization
|z Developing countries.
|9 54434
|
| 710 |
2 |
|
|a World Bank.
|
| 830 |
|
|
|a EDI series in economic development
|9 52904
|
| 852 |
|
|
|a Ayesha Abed Library
|c Akbar Ali Khan Collection
|
| 942 |
|
|
|2 ddc
|c BK
|
| 999 |
|
|
|c 45834
|d 45834
|
| 952 |
|
|
|0 0
|1 0
|2 ddc
|4 0
|6 338_910917240000000_ROT
|7 1
|9 73719
|a BRACUL
|b BRACUL
|c AAKC
|d 2023-06-01
|e Donated by Akbar Ali Khan
|g 2892.96
|l 0
|o 338.91091724 ROT
|p 3010041314
|r 2023-06-01
|t 1
|v 2892.96
|w 2023-06-01
|y BK
|x Price available in book .
|